| 000 | 00861nac a22002411u 4500 | ||
|---|---|---|---|
| 010 | _a 76016854 | ||
| 020 | _a0407732519 | ||
| 082 | 0 | 0 |
_a616.075 _bB1711 |
| 090 |
_c3438 _d3438 |
||
| 100 | _aBaker, F. J. | ||
| 245 | 1 | 0 |
_aIntroduction to medical laboratory technology / _cF. J. Baker, R. E. Silverton. |
| 250 | _a5th ed. | ||
| 260 |
_aLondon ; _aBoston : _bButterworths, _cc1976. |
||
| 300 |
_ax, 735 p., [2] leaves of plates : _bill. ; _c23 cm. |
||
| 500 | _aIncludes index. | ||
| 500 | _aDonations. | ||
| 500 | _aDonations -Bibliotheca Alexandrina. | ||
| 504 | _aBibliography: p. 679-680. | ||
| 650 | 0 | _aMedical laboratory technology. | |
| 700 | 1 | _aSilverton, R. E., | |
| 942 |
_cBB _k616.075B1711 |
||
| 999 |
_c3438 _d3438 |
||